| 000 | 00543nam a22001937a 4500 | ||
|---|---|---|---|
| 005 | 20241218160631.0 | ||
| 008 | 241218b ||||| |||| 00| 0 eng d | ||
| 040 | _cAL | ||
| 041 | _aEnglish | ||
| 082 |
_223 _a348.04 _bEASS |
||
| 100 |
_aEastern Book Company _9191671 |
||
| 245 | _aSupreme Court Cases 2009: Vol 4 | ||
| 260 |
_aLucknow _bEastern Book Company _c2021 |
||
| 300 |
_axxxii,856 p. _bHB _c24x16 cm. |
||
| 440 |
_aVolume 4 _9191672 |
||
| 650 |
_aLaw _9191673 |
||
| 650 |
_aMode of Citation (2009) 4 SCC _9191674 |
||
| 942 |
_2ddc _cBI |
||
| 999 |
_c233153 _d233153 |
||